JUNGLE TREES OF CENTRAL INDIA, A FIELD GUIDE FOR TREE SPOTTERS. (Record no. 1177200)

MARC details
000 -LEADER
fixed length control field 00299nam a2200109Ia 4500
008 - FIXED-LENGTH DATA ELEMENTS--GENERAL INFORMATION
fixed length control field 230724s2013 xx und d
041 ## - LANGUAGE CODE
Language code of text/sound track or separate title eng
100 ## - MAIN ENTRY--PERSONAL NAME
Personal name KRISHEN P.
245 ## - TITLE STATEMENT
Title JUNGLE TREES OF CENTRAL INDIA, A FIELD GUIDE FOR TREE SPOTTERS.
260 ## - PUBLICATION, DISTRIBUTION, ETC.
Name of publisher, distributor, etc. PENGUIN BOOKS LTD
Date of publication, distribution, etc. 2013
300 ## - PHYSICAL DESCRIPTION
Extent 400
Holdings
Withdrawn status Lost status Damaged status Not for loan Home library Current library Date acquired Source of acquisition Cost, normal purchase price Total Checkouts Barcode Date last seen Price effective from Koha item type
        College of Architecture, Pune College of Architecture, Pune 23/07/2024 BHARATI MADYAWARTI SAHAKARI GRAHAK BHANDAR LTD. 1499.00   ARP-MARCH-706 23/07/2024 23/07/2024 Book